000 00613nam a2200241Ia 4500
003 OSt
005 20220912150636.0
006 a|||||r|||| 00| 0
007 ta
008 220909b |||||||| |||| 00| 0 eng d
024 _a37470
037 _cTextual
040 _aCSL
_beng
_cCSL
041 _aeng
082 _aD65,8(B)91, L7
100 _aBrady J M
245 0 _aTheory of computer science
260 _aLondon
_bChapman and Hall
_c1977
300 _axiii,287p.
_ccm.
650 _aComputer science
942 _hD65,8(B)91, L7
_cTEXL
_2CC
999 _c51718
_d51718